Narating Our Pasts (Record no. 9630)

MARC details
000 -LEADER
fixed length control field 00638nam a2200241 a 4500
020 ## - INTERNATIONAL STANDARD BOOK NUMBER
ISBN 0521634
082 00 - DEWEY DECIMAL CLASSIFICATION NUMBER
Classification number 398.209
Author Cutter TON
100 ## - MAIN ENTRY--AUTHOR NAME
Author name Tonkin, Elizabeth
245 ## - TITLE STATEMENT
Title Narating Our Pasts
Sub title the Social Construction of Oral History
260 ## - PUBLICATION, DISTRIBUTION, ETC. (IMPRINT)
Place of publication Cambridge
Name of publisher Cambridge University Press
Year of publication 1992
300 ## - PHYSICAL DESCRIPTION
Number of Pages 171p
500 ## - GENERAL NOTE
General note includes index and biblioraphy
505 2# - FORMATTED CONTENTS NOTE
Formatted contents note Index
650 ## - SUBJECT ADDED ENTRY--TOPICAL TERM
Topical Term Oral History
942 ## - ADDED ENTRY ELEMENTS (KOHA)
Koha item type Books
700 1# -
-- Tonkin, Elizabeth
Holdings
Collection code Home library Current library Date acquired Cost, normal purchase price Full call number Accession Number Koha item type
  Henry Martyn Institute Library Henry Martyn Institute Library 06/06/2007 841.75 398.209 TON 016686 Books
                   Copyright © 2026 | Henry Martyn Institute | Hyderabad | TS-500052 | INDIA | Implemented by hmi.edu.in
Hit-Count:

Powered by Koha